Do Bailon ki katha (Record no. 4746)
[ view plain ]
| 000 -LEADER | |
|---|---|
| fixed length control field | 00206nam a22000857a 4500 |
| 008 - FIXED-LENGTH DATA ELEMENTS--GENERAL INFORMATION | |
| fixed length control field | 161208b xxu||||| |||| 00| 0 eng d |
| 100 ## - MAIN ENTRY--PERSONAL NAME | |
| 9 (RLIN) | 1952 |
| Personal name | Premchand |
| 245 ## - TITLE STATEMENT | |
| Title | Do Bailon ki katha |
| 260 ## - PUBLICATION, DISTRIBUTION, ETC. (IMPRINT) | |
| Place of publication, distribution, etc. | Delhi |
| Name of publisher, distributor, etc. | SSP |
| Date of publication, distribution, etc. | 2006 |
| Withdrawn status | Lost status | Source of classification or shelving scheme | Damaged status | Koha normalized classification for sorting | Not for loan | Home library | Current library | Shelving location | Date acquired | Total Checkouts | Full call number | Barcode | Date last seen | Price effective from | Koha item type |
|---|---|---|---|---|---|---|---|---|---|---|---|---|---|---|---|
| Dewey Decimal Classification | 894_000000000000000 | Good Samaritan School Library | Good Samaritan School Library | German | 12/08/2016 | 894 | DOB5278 | 12/08/2016 | 12/08/2016 | BOOK |